000 00551nam a2200193Ia 4500
005 20250508162051.0
008 008 250505s9999 xx 000 0 eng d
037 _aTextual
040 _aFEDL
_beng
_cFEDL
041 _aeng
_2eng
084 _a379.11, OPE
_qFEDL
245 0 _aEducational studies : A third level course. Management in education Units 4-5
245 0 _cOpen University
260 _c1976
300 _a68p.
650 _aEducation management
_9772206
942 _cTEXL
_h379.11, OPE
999 _c1374167
_d1374167